Score 0/25 Timer 03:00
1 Play Today
Hint 4-Letter Word % Correct
It's on the end of a fishing lineHOOK
96.5%
Before the presentPAST
95.8%
Take an exam without failingPASS
95.5%
To glimpse at somethingLOOK
95.1%
El ___, TexasPASO
95.1%
Mexican currencyPESO
95%
Toot a horn or sound like a gooseHONK
94.2%
An annoying bug, e.g.PEST
94.1%
An area between hair sectionsPART
90.8%
A fish or a singing voiceBASS
89.1%
'The Other White Meat'PORK
88.7%
Not clothedBARE
88.3%
A man who lives in an abbeyMONK
88.3%
Hint 4-Letter Word % Correct
A fortified post-dinner winePORT
87.4%
A group of animalsHERD
86.4%
Mindy's TV partnerMORK
85%
ToughHARD
84.8%
An alkaline chemicalBASE
84.7%
Where you are right nowHERE
82.2%
100% unadulteratedPURE
74.2%
A songbirdLARK
74.1%
To cut the skin offPARE
74.1%
It's on the end of a fishing lineLURE
74%
To listen (old style word)HARK
73.3%
Observe but not chat in a chat roomLURK
71.5%

Today's Daily Dose

Missing Word
'T' Pairs

Word Ladder
Game Pieces

Get the Picture
Baseball Movies

Remove Ads.
Support Sporcle.
Get the best of Sporcle when you Go Orange. This ad-free experience offers more features, more stats, and more fun while also helping to support Sporcle. Thank you for becoming a member.

You're not logged in!

Compare scores with friends on all Sporcle quizzes.
OR
Log In

Show Comments

Extras

Top Quizzes Today


Score Distribution

Your Account Isn't Verified!

In order to create a playlist on Sporcle, you need to verify the email address you used during registration. Go to your Sporcle Settings to finish the process.

Report this User

Report this user for behavior that violates our Community Guidelines.

Details: